MARC

LEADER 00000nam0a2200000 4500
001 62157
005 20231031063233.0
035 |a (RuTPU)RU\TPU\book\65890 
090 |a 62157 
100 |a 20040405d1966 k y0rusy50 ca 
101 0 |a rus 
102 |a RU 
105 |a a z 001zy 
200 1 |a Нефелиновые шламы  |f П. И. Боженов, В. И. Кавалерова 
210 |a Москва  |a Ленинград  |c Стройиздат  |d 1966 
215 |a 243 с.  |c ил. 
320 |a Библиогр.: с. 240-241 
610 1 |a глиноземное производство 
610 1 |a отходы 
610 1 |a использование 
610 1 |a нефелины 
610 1 |a переработка 
610 1 |a нефелиновые шламы 
675 |a 666.9  |v 3 
675 |a 661  |v 3 
700 1 |a Боженов  |b П. И.  |g Петр Иванович 
701 1 |a Кавалерова  |b В. И. 
801 1 |a RU  |b 63413507  |c 20040405  |g PSBO 
801 2 |a RU  |b 63413507  |c 20160524  |g PSBO 
942 |c BK